000 00783nam a22002297a 4500
005 20090723152124.0
008 090723t xxu||||| |||| 00| 0 eng d
010 _aENG-94527
020 _a9788184244106
_c750.00
035 _aEN-78060
037 _bDBAD / PUB
040 _adpl
_bEnglish
082 _a332
100 _aDas, Subhamoy
245 _aPerspectives on financial services /
_cby Subhamoy Das
260 _aNew Delhi
_bAllied Publishers
_c2009
270 _a1/13-14, Asaf Ali Road
_bNew Delhi
_e110002
300 _axii, 394p.
_c26cm(Hb)
500 _aIncludes index
942 _2ddc
_cEN
_mDAS
_h332
999 _c28590
_d28590